Quick Pick: Italian in English II Quiz Stats

Quiz Updated Feb 19, 2018

Challenge
Share
Tweet
Embed
Score 0/12 Timer 01:00
0 Plays Today
% Correct
Barista
92%
Ravioli
90.7%
Concerto
90.4%
Risotto
89.3%
Minestrone
88.7%
Riviera
88.6%
Motto
88.2%
Casanova
87.8%
Novella
86.4%
Bordello
86.4%
Prima Donna
84.8%
Belladonna
78.5%

Today's Daily Dose

Missing Word
Fruity Song Titles

Quick Pick
Double Blanks

On This Day
June 22nd II

You're not logged in!

Compare scores with friends on all Sporcle quizzes.
Join for Free
OR
Log In

You Might Also Like...

Show Comments

Extras

Top Quizzes Today


Score Distribution

Your Account Isn't Verified!

In order to create a playlist on Sporcle, you need to verify the email address you used during registration. Go to your Sporcle Settings to finish the process.

Report this User

Report this user for behavior that violates our Community Guidelines.

Details: